Literatura gallega / (Record no. 61451)

MARC details
000 -LEADER
campo de control de longitud fija 00786nam a2200241 i 4500
001 - NÚMERO DE CONTROL
campo de control 61451
003 - IDENTIFICADOR DE NÚMERO DE CONTROL
campo de control ES-MaACL
005 - FECHA Y HORA DE LA ÚLTIMA TRANSACCIÓN
campo de control 20231229063015.0
007 - CAMPO FIJO DE DESCRIPCIÓN FÍSICA--INFORMACIÓN GENERAL
campo de control de longitud fija t|
008 - DATOS DE LONGITUD FIJA--INFORMACIÓN GENERAL
campo de control de longitud fija 031112s1974 sp af |||| | spa d
020 ## - NÚMERO INTERNACIONAL ESTÁNDAR DEL LIBRO
Número Internacional Estándar del Libro 84-7133-075-X
080 ## - NÚMERO DE LA CLASIFICACIÓN DECIMAL UNIVERSAL
Número de la Clasificación Decimal Universal 821.134.4.09(084.12)
100 1# - ENTRADA PRINCIPAL--NOMBRE DE PERSONA
Nombre de persona Fabra Barreiro, Gustavo,
Fechas asociadas al nombre 1945-1975
9 (RLIN) 48526
245 10 - MENCIÓN DEL TÍTULO
Título Literatura gallega /
Mención de responsabilidad, etc. Gustavo Fabra Barreiro.
260 ## - PUBLICACIÓN, DISTRIBUCIÓN, ETC.
Lugar de publicación, distribución, etc. [Madrid] :
Nombre del editor, distribuidor, etc. La Muralla,
Fecha de publicación, distribución, etc. [1974]
300 ## - DESCRIPCIÓN FÍSICA
Extensión 64 p. ;
Dimensiones 23 cm +
Material acompañante/anejo 60 diapositivas.
490 1# - MENCIÓN DE SERIE
Mención de serie Literatura española en imágenes ;
Designación de volumen o secuencia 32
650 #4 - PUNTO DE ACCESO ADICIONAL DE MATERIA--TÉRMINO DE MATERIA
Término de materia o nombre geográfico como elemento de entrada Literatura gallega-
Subdivisión general Historia y crítica.
9 (RLIN) 14596
650 #4 - PUNTO DE ACCESO ADICIONAL DE MATERIA--TÉRMINO DE MATERIA
Término de materia o nombre geográfico como elemento de entrada Diapositivas.
9 (RLIN) 163225
830 0# - PUNTO DE ACCESO ADICIONAL DE SERIE-TÍTULO UNIFORME
Título uniforme Literatura española en imágenes ;
Designación de volumen o secuencia 32
9 (RLIN) 230599
852 ## - LOCALIZACIÓN
Ubicación ES-MaACL
Número de control de estantería C-56489
Holdings
Estatus retirado Estado de pérdida Fuente del sistema de clasificación o colocación Estado de daño No para préstamo Biblioteca de origen Biblioteca actual Ubicación en estantería Fecha de adquisición Total de préstamos Signatura topográfica completa Código de barras Visto por última vez Precio de reemplazo Tipo de ítem Koha
    Clasificación decimal universal     Biblioteca del Ateneo de Madrid Biblioteca del Ateneo de Madrid Depósito 2 17/01/2008   C-56489 1064436 23/02/2023 23/02/2023 Diapositiva